000 00596nam a2200169 i 4500
001 25204
003 ES-MaACL
005 20230906153218.0
007 t|
008 021220s1963 sp ||||1| spa d
100 1 _aArgamenteria García, Rodolfo.
_9198709
245 1 3 _aLa dimensión óptima de la empresa metalúrgica española en orden a la integración en unidades supranacionales /
_cRodolfo Argamentería García.
260 _aMadrid :
_b[s.n.,
_c1963] (
_fArtes Gráficas y Ediciones)
300 _aXVIII, 230 p. ;
_c25 cm.
852 _aES-MaACL
_jC-24006
_bR.52827
999 _c25204
_d25204